[Event "1st Grand Europe Open"]
[Site "Golden Sands BUL"]
[Date "2012.06.11"]
[Round "8.34"]
[White "Skomorokhin, Roman"]
[Black "Atalik, Ekaterina"]
[Result "1/2-1/2"]
[WhiteTitle "IM"]
[BlackTitle "IM"]
[WhiteElo "2356"]
[BlackElo "2474"]
[WhiteFideId "4112610"]
[BlackFideId "4130189"]
[EventDate "2012.06.04"]
[EventType "swiss"]

1. d4 Nf6 2. c4 g6 3. Nc3 d5 4. e3 Bg7 5. Qb3 c6 6. Bd2 O-O 7. Rc1 dxc4 8. Bxc4
b5 9. Be2 Be6 10. Qc2 b4 11. Na4 Bf5 12. Qd1 a5 13. Nf3 Ne4 14. O-O Be6 15. Be1
Bd5 16. Ne5 Nd6 17. f3 f5 18. Bg3 Nf7 19. Qc2 Bh6 20. Qd3 Nxe5 21. Bxe5 Nd7 22.
Bg3 f4 23. Bxf4 Bxf4 24. exf4 Rxf4 25. Qe3 Rf7 26. Bc4 Nf6 27. b3 Bxc4 28. Rxc4
Nd5 29. Qe6 Rc8 30. Rd1 Nf4 31. Qe4 Rf6 32. Nc5 Nd5 33. Qe5 Nc3 34. Rd2 Qc7 35.
Qxc7 Rxc7 36. Ne4 Nxe4 37. fxe4 Rd7 38. e5 Rf4 39. d5 Rxc4 40. bxc4 cxd5 41.
cxd5 a4 42. Kf2 b3 43. axb3 axb3 44. Ke3 b2 1/2-1/2

[Event "1st Grand Europe Open"]
[Site "Golden Sands BUL"]
[Date "2012.06.11"]
[Round "8.35"]
[White "Can, Emre"]
[Black "Dimitrov, Atanas"]
[Result "1-0"]
[WhiteTitle "GM"]
[BlackTitle "IM"]
[WhiteElo "2461"]
[BlackElo "2339"]
[WhiteFideId "6302181"]
[BlackFideId "2901315"]
[EventDate "2012.06.04"]
[EventType "swiss"]

1. d4 d5 2. Nf3 c6 3. c4 Nf6 4. Nbd2 e6 5. g3 Nbd7 6. Bg2 Bd6 7. O-O O-O 8. Qc2
Re8 9. Rd1 Qe7 10. b3 e5 11. cxd5 cxd5 12. dxe5 Nxe5 13. Nd4 g6 14. Bb2 Bd7 15.
Rac1 Rac8 16. Qb1 h5 17. Rxc8 Rxc8 18. Nf1 Ba3 19. Ba1 Bc6 20. Ne3 Neg4 21. Nxg4
Nxg4 22. h3 Nf6 23. Qd3 Bd7 24. e3 a6 25. Nf3 Rc6 26. Ne5 Re6 27. Nxd7 Qxd7 28.
e4 Qe7 29. exd5 Re1+ 30. Kh2 Rxd1 31. Qxd1 Ne8 32. Qd4 f6 33. d6 Bxd6 34. Qd5+
Kg7 35. Qxb7 Nc7 36. Qe4 Qxe4 37. Bxe4 Be5 38. Bxe5 fxe5 39. b4 g5 40. Kg2 Kf6
41. Bb7 e4 42. Bxe4 Ke5 43. Bb7 Kd4 44. Kf3 Kc4 45. Ke4 Kxb4 46. Kf5 a5 47. Kxg5
Ka3 48. Kxh5 Kxa2 49. Bc6 Kb3 50. Kg6 Kc4 51. h4 1-0

[Event "1st Grand Europe Open"]
[Site "Golden Sands BUL"]
[Date "2012.06.11"]
[Round "8.37"]
[White "Spassov, Liuben"]
[Black "Blomqvist, Erik"]
[Result "0-1"]
[WhiteTitle "GM"]
[BlackTitle "IM"]
[WhiteElo "2353"]
[BlackElo "2454"]
[WhiteFideId "2900220"]
[BlackFideId "1709437"]
[EventDate "2012.06.04"]
[EventType "swiss"]

1. d4 d5 2. c4 c6 3. Nf3 Nf6 4. e3 Bf5 5. Nc3 e6 6. Nh4 Be4 7. f3 Bg6 8. Qb3 b5
9. cxb5 c5 10. Nxg6 hxg6 11. g3 Bd6 12. Bg2 cxd4 13. exd4 Rxh2 14. Kf2 Rxh1 15.
Bxh1 Nbd7 16. Qd1 Rc8 17. Ne2 Nh5 18. Bd2 Bxg3+ 19. Kf1 Qh4 20. Bg2 Nf4 21. Nxf4
Bxf4 22. Rc1 Rxc1 23. Qxc1 Bxd2 24. Qxd2 g5 25. a4 Qf4 26. Qc3 Kd8 27. a5 g4 28.
Ke2 gxf3+ 29. Bxf3 Qc7 30. Qb4 g5 31. Qc3 Qh2+ 32. Kf1 f5 33. Be2 g4 34. Qe3 f4
35. Qg1 Qh3+ 36. Ke1 f3 37. Bd1 Qh4+ 38. Kd2 f2 39. Qg2 g3 40. Kc3 Nf6 41. b6
axb6 42. a6 Kc7 0-1

[Event "1st Grand Europe Open"]
[Site "Golden Sands BUL"]
[Date "2012.06.11"]
[Round "8.38"]
[White "Nikolova, Adriana"]
[Black "Thejkumar, M. S."]
[Result "1/2-1/2"]
[WhiteTitle "WGM"]
[BlackTitle "IM"]
[WhiteElo "2345"]
[BlackElo "2450"]
[WhiteFideId "2908689"]
[BlackFideId "5009154"]
[EventDate "2012.06.04"]
[EventType "swiss"]

1. e4 c6 2. d4 d5 3. Nc3 dxe4 4. Nxe4 Nf6 5. Nxf6+ gxf6 6. c3 Bf5 7. Nf3 e6 8.
g3 Nd7 9. Bg2 Bg7 10. O-O O-O 11. Nh4 Bg6 12. Nxg6 hxg6 13. Qb3 Qb6 14. Be3 f5
15. Qc2 Qc7 16. Rad1 Rad8 17. Rfe1 Rfe8 18. Bf4 Qc8 19. Qa4 Qa8 20. Qb3 Bf6 21.
h4 Nf8 22. a4 Rd7 23. a5 a6 24. Qa4 Qd8 25. b4 g5 26. hxg5 Bxg5 27. Bxg5 Qxg5
28. Re3 Kg7 29. Qb3 Red8 30. Red3 Nh7 31. c4 Nf6 32. Qb2 Kg6 33. Qe2 Qh6 34. d5
cxd5 35. cxd5 exd5 36. Rd4 Re8 37. Qd3 Qg5 38. Bxd5 Rde7 39. Bf3 Ne4 40. Kg2 Qh6
41. Rd8 Rh8 42. Rxh8 Qxh8 43. Qd4 Qc8 44. Rh1 f6 45. Qe3 Qf8 46. Qf4 Qc8 47.
Qh6+ Kf7 48. Qh4 Ng5 49. Qh5+ 1/2-1/2

[Event "1st Grand Europe Open"]
[Site "Golden Sands BUL"]
[Date "2012.06.11"]
[Round "8.39"]
[White "Rathnakaran, K."]
[Black "Furman, Boris"]
[Result "1-0"]
[WhiteTitle "IM"]
[BlackTitle "FM"]
[WhiteElo "2441"]
[BlackElo "2285"]
[WhiteFideId "5005507"]
[BlackFideId "4107187"]
[EventDate "2012.06.04"]
[EventType "swiss"]

1. e4 c5 2. Nf3 Nc6 3. Bb5 g6 4. O-O Bg7 5. Re1 Nf6 6. e5 Nd5 7. Nc3 Nxc3 8.
dxc3 O-O 9. Bf4 Qb6 10. a4 a6 11. Bd3 Qxb2 12. Qd2 Qb6 13. Bh6 d5 14. h4 Bg4 15.
Nh2 Be6 16. Bxg7 Kxg7 17. h5 f6 18. exf6+ Rxf6 19. Rxe6 Rxe6 20. Ng4 Rh8 21.
Qh6+ Kg8 22. Qg5 Kg7 23. Qxd5 Rd6 24. Qg5 h6 25. Qf4 gxh5 26. Ne3 Rf6 27. Qg3+
Kf8 28. Nd5 Qd8 29. Nxf6 exf6 30. Rb1 Qe7 31. Bc4 Ne5 32. Bd5 Ng4 33. Bxb7 Kg7
34. Bf3 Qe5 35. Qxe5 Nxe5 36. Bxh5 Rd8 37. f4 Nc4 38. Be2 Ne3 39. Bxa6 Rd2 40.
Bf1 Nxf1 41. Kxf1 Rxc2 42. Ra1 Rxc3 43. a5 Re3 44. a6 Re8 45. a7 Ra8 46. Ke2 Kg6
47. Kd3 Kf5 48. Kc4 Kxf4 49. Ra3 1-0

[Event "1st Grand Europe Open"]
[Site "Golden Sands BUL"]
[Date "2012.06.11"]
[Round "8.40"]
[White "Qashashvili, Alexandre"]
[Black "Smirnov, Artem"]
[Result "1-0"]
[WhiteTitle "IM"]
[BlackTitle "IM"]
[WhiteElo "2299"]
[BlackElo "2432"]
[WhiteFideId "13600842"]
[BlackFideId "4143256"]
[EventDate "2012.06.04"]
[EventType "swiss"]

1. e4 Nf6 2. e5 Nd5 3. d4 Nb6 4. c4 d6 5. exd6 cxd6 6. Nc3 g6 7. Bd3 Bg7 8. Nge2
O-O 9. O-O Nc6 10. d5 Ne5 11. b3 e6 12. dxe6 Bxe6 13. Ba3 Qd7 14. Rc1 Rfe8 15.
Nd4 Rad8 16. Be2 d5 17. c5 Nc8 18. Bb5 Nc6 19. Nce2 Qc7 20. Bb2 Bg4 21. f3 Bd7
22. Bd3 Ne5 23. Bb1 Ne7 24. h3 b6 25. f4 N5c6 26. Nb5 Qb8 27. Bxg7 Kxg7 28. Nd6
Rf8 29. b4 bxc5 30. bxc5 Qb4 31. Kh1 Be6 32. f5 Nxf5 33. Bxf5 gxf5 34. Ng3 Ne7
35. Qh5 Qd2 36. Qh4 Ng6 37. Ngxf5+ Bxf5 38. Nxf5+ Kg8 39. Qf6 1-0

[Event "1st Grand Europe Open"]
[Site "Golden Sands BUL"]
[Date "2012.06.11"]
[Round "8.41"]
[White "Ji, Dan"]
[Black "Firat, Burak"]
[Result "1/2-1/2"]
[BlackTitle "IM"]
[WhiteElo "2326"]
[BlackElo "2428"]
[WhiteFideId "8601887"]
[BlackFideId "6305881"]
[EventDate "2012.06.04"]
[EventType "swiss"]

1. e4 c5 2. Nf3 e6 3. d4 cxd4 4. Nxd4 Nf6 5. Nc3 d6 6. g4 h6 7. Bg2 Be7 8. h3 a6
9. Be3 Bd7 10. Qe2 Nc6 11. f4 Qc7 12. O-O Nxd4 13. Bxd4 e5 14. Be3 Be6 15. Nd5
Bxd5 16. exd5 exf4 17. Bxf4 O-O 18. Rae1 Rae8 19. Kh1 Nd7 20. Rf3 Ne5 21. Rc3
Qd8 22. Bh2 Bf6 23. Re3 b5 24. Re4 Bh4 25. Rf1 Ng6 26. a4 Qd7 27. axb5 axb5 28.
Qd3 Bf6 29. Rb4 Rb8 30. Qf5 Qc7 31. Be4 Rfe8 32. c3 Re7 33. Qh5 Nf8 34. Rxf6
gxf6 35. Qxh6 Ng6 36. Bxg6 Re1+ 37. Kg2 fxg6 38. Qxg6+ Qg7 39. Qxg7+ Kxg7 40.
Bxd6 Rbe8 41. Bg3 Rd1 42. Bf2 Rxd5 43. Bd4 Kg6 44. Kg3 f5 45. Rb3 Re2 46. Kf3
Rc2 47. Be3 Rh2 48. Kg3 Re2 49. Kf3 Re1 50. Kf2 Ra1 51. Rb4 Ra4 52. Rxa4 bxa4
53. Ke2 Rd7 54. Bd2 Rh7 55. gxf5+ Kxf5 56. c4 Rxh3 57. Kd1 Ke4 58. Kc2 Kd4 59.
Kb1 Kxc4 60. Ka2 a3 61. Bf4 Rf3 62. Be5 axb2 63. Kxb2 Rf2+ 64. Kc1 Kd3 65. Bg7 1/2-1/2

[Event "1st Grand Europe Open"]
[Site "Golden Sands BUL"]
[Date "2012.06.11"]
[Round "8.42"]
[White "Enchev, Ivajlo"]
[Black "Argiroudis, Stamatis"]
[Result "0-1"]
[WhiteTitle "IM"]
[WhiteElo "2419"]
[BlackElo "2294"]
[WhiteFideId "2907712"]
[BlackFideId "4202210"]
[EventDate "2012.06.04"]
[EventType "swiss"]

1. c4 c5 2. Nf3 b6 3. g3 Bb7 4. Bg2 Nf6 5. b3 g6 6. Bb2 Bg7 7. d4 cxd4 8. Qxd4
d6 9. O-O Nbd7 10. Nc3 Rc8 11. Qd2 a6 12. Nd4 Bxg2 13. Kxg2 Qc7 14. e4 Qb7 15.
f3 O-O 16. Rfd1 Rfe8 17. Rac1 Ne5 18. a4 e6 19. Nde2 Red8 20. Rc2 Nc6 21. Qf4
Nd7 22. Nb1 Be5 23. Bxe5 dxe5 24. Qe3 Nc5 25. Rcd2 Qe7 26. h4 h5 27. Qc3 a5 28.
Qe3 Rxd2 29. Rxd2 Rd8 30. Kh3 Kg7 31. Rxd8 Qxd8 32. Nd2 Qd6 33. Kg2 Nb4 34. Qc3
f6 35. Qe3 Nc2 36. Qc3 Ne1+ 37. Kf1 Ned3 38. Nb1 f5 39. Nd2 Kh7 40. Kg2 Qc6 41.
Nc1 Nxc1 42. Qxc1 fxe4 43. Qc3 exf3+ 44. Nxf3 Qe4 45. Kg1 Kg8 46. Nxe5 Nxb3 47.
Nd7 Qb1+ 48. Kh2 Qd1 49. Nf6+ Kf7 50. Qe5 Qc2+ 51. Kh1 Nc5 52. Qf4 Qf5 53. Qc7+
Kxf6 54. Qxb6 Qf3+ 0-1

[Event "1st Grand Europe Open"]
[Site "Golden Sands BUL"]
[Date "2012.06.11"]
[Round "8.43"]
[White "Raeva, Elitsa"]
[Black "Foisor, Cristina-Adela"]
[Result "1/2-1/2"]
[WhiteTitle "WIM"]
[BlackTitle "IM"]
[WhiteElo "2284"]
[BlackElo "2417"]
[WhiteFideId "2906660"]
[BlackFideId "1200496"]
[EventDate "2012.06.04"]
[EventType "swiss"]

1. d4 g6 2. e4 c5 3. Nf3 Bg7 4. c3 cxd4 5. Nxd4 Nc6 6. Be3 Nf6 7. f3 O-O 8. Be2
e5 9. Nb5 d5 10. Bc5 dxe4 11. Bxf8 Qxf8 12. Qd6 a6 13. Qxf8+ Bxf8 14. N5a3 exf3
15. gxf3 Bc5 16. Nd2 Bh3 17. Bf1 Bf5 18. Nb3 Bf8 19. Nc4 Nd5 20. Rd1 Be6 21. h4
b5 22. Ncd2 Ne3 23. Rb1 h5 24. Kf2 Bh6 25. Ne4 Nf5 26. Re1 Bf8 27. Nbc5 Bc8 28.
Nd3 Be7 29. Ng5 Nxh4 30. Rxh4 Bxg5 31. Rh1 Be6 32. Bg2 Bd8 33. Rd1 Rc8 34. Nc5
Bf5 35. Bh3 Bxh3 36. Rxh3 a5 37. Ne4 Be7 38. Rd7 Kf8 39. Rh1 b4 40. Rhd1 bxc3
41. bxc3 Nd8 42. c4 Ne6 43. Rb1 Nc5 44. Nxc5 Bxc5+ 45. Kg2 Bb4 46. Rc1 Kg7 47.
Rd5 Kf6 48. Rd3 Ke6 49. Rc2 g5 50. a3 Bc5 51. Rb3 a4 52. Rb5 g4 53. Ra5 Kf5 54.
Rd2 f6 55. Rxa4 Bd4 56. Rb4 Rg8 57. Rb5 gxf3+ 58. Kxf3 h4 59. Rg2 Ra8 60. Ra2 h3
61. Kg3 Rh8 62. Kh2 Be3 63. a4 Bf4+ 64. Kh1 Kg4 65. a5 e4 66. a6 e3 67. Rb1 Ra8
68. c5 f5 69. c6 Kg3 70. a7 Kf3 71. Ra3 Bd6 72. Ra2 f4 73. Rf1+ Ke4 74. Ra4+ Kf5
75. Ra5+ Ke6 76. Rg1 Bc7 77. Ra4 Kd5 78. Rg5+ Kd6 79. Rxf4 Rxa7 80. Rf6+ Ke7 81.
Rf1 e2 82. Rc1 Ra2 83. Rgc5 Bd6 1/2-1/2

[Event "1st Grand Europe Open"]
[Site "Golden Sands BUL"]
[Date "2012.06.11"]
[Round "8.45"]
[White "Korduban, Valerij"]
[Black "Mladenov, Svetlin"]
[Result "0-1"]
[WhiteElo "2127"]
[BlackElo "2413"]
[WhiteFideId "14121824"]
[BlackFideId "2906023"]
[EventDate "2012.06.04"]
[EventType "swiss"]

1. g3 Nf6 2. Bg2 e5 3. Nf3 Nc6 4. O-O d5 5. d3 Be7 6. c4 O-O 7. cxd5 Nxd5 8. Nc3
Nb6 9. Be3 f6 10. a4 a5 11. Qb3+ Kh8 12. Rfd1 Nd4 13. Bxd4 exd4 14. Nb5 c5 15.
Nd2 Ra6 16. Rac1 f5 17. Nc4 Nxc4 18. dxc4 f4 19. Nc3 Rh6 20. Ne4 Qe8 21. Bf3 Bd7
22. Qd3 Bxa4 23. b3 Bd7 24. b4 axb4 25. Ra1 Bf5 26. Ra7 Re6 27. Bg2 Qg6 28. f3
fxg3 29. hxg3 Bg5 30. g4 Bxe4 31. fxe4 Be3+ 32. Kh2 Qh6+ 33. Bh3 Rf2+ 34. Kg1
Qxh3 0-1

[Event "1st Grand Europe Open"]
[Site "Golden Sands BUL"]
[Date "2012.06.11"]
[Round "8.46"]
[White "Mollov, Ergin"]
[Black "Pogosian, Vladimir"]
[Result "1-0"]
[WhiteTitle "IM"]
[WhiteElo "2394"]
[BlackElo "2146"]
[WhiteFideId "2900343"]
[BlackFideId "13301586"]
[EventDate "2012.06.04"]
[EventType "swiss"]

1. d4 f5 2. g3 Nf6 3. Bg2 d6 4. Nh3 e6 5. O-O g6 6. Nd2 Nc6 7. c3 d5 8. b3 Bg7
9. Ba3 Ne7 10. Nf3 O-O 11. Nf4 Ne4 12. Rc1 g5 13. Nd3 Rf6 14. Nfe5 Nd6 15. c4 c6
16. e3 Rh6 17. f3 Ng6 18. Qd2 Nxe5 19. Nxe5 Nf7 20. Nxf7 Kxf7 21. Bb2 Kg8 22. e4
dxc4 23. bxc4 e5 24. d5 f4 25. g4 c5 26. Rfd1 Rd6 27. a4 b6 28. a5 h5 29. h3
hxg4 30. hxg4 Rb8 31. Bc3 Bd7 32. axb6 axb6 33. Ra1 Qf6 34. Ra7 Rf8 35. Qb2 Bh8
36. Kf2 Bxg4 37. Rh1 Rd7 38. Ra6 Rb7 39. fxg4 f3 40. Bf1 Bg7 41. Bd2 Qd8 42. Rh5
Rf4 43. Qb5 Rxe4 44. Qc6 Rb8 45. Qe6+ Kf8 46. Qf5+ 1-0

[Event "1st Grand Europe Open"]
[Site "Golden Sands BUL"]
[Date "2012.06.11"]
[Round "8.47"]
[White "Dogan, Mire Deniz"]
[Black "Mammadov, Zaur"]
[Result "0-1"]
[BlackTitle "IM"]
[WhiteElo "1754"]
[BlackElo "2393"]
[WhiteFideId "6317456"]
[BlackFideId "13401033"]
[EventDate "2012.06.04"]
[EventType "swiss"]

1. d4 Nf6 2. c4 e6 3. Nf3 c5 4. d5 b5 5. Bg5 Qa5+ 6. Qd2 Qxd2+ 7. Nbxd2 bxc4 8.
Bxf6 gxf6 9. Ne4 f5 10. Nc3 Bb7 11. O-O-O Na6 12. e3 Nc7 13. Bxc4 Bg7 14. dxe6
fxe6 15. Nb5 Nxb5 16. Bxb5 Bd5 17. b3 Rb8 18. Bd3 Ke7 19. Rhe1 Rb4 20. Re2 a5
21. Rc2 d6 22. Nd2 a4 23. Bc4 axb3 24. Bxb3 Bxg2 25. Rg1 Rg4 26. Rc4 Rg6 27. Ra4
Rd8 28. Rh4 Bc6 29. Rg3 Rh8 30. e4 Rxg3 31. hxg3 Bf6 32. Rh6 fxe4 33. g4 d5 0-1

[Event "1st Grand Europe Open"]
[Site "Golden Sands BUL"]
[Date "2012.06.11"]
[Round "8.48"]
[White "Nezad, Husein Aziz"]
[Black "Yordanova, Svetla"]
[Result "1-0"]
[WhiteTitle "IM"]
[BlackTitle "WIM"]
[WhiteElo "2393"]
[BlackElo "2095"]
[WhiteFideId "12100293"]
[BlackFideId "2905108"]
[EventDate "2012.06.04"]
[EventType "swiss"]

1. d4 Nf6 2. c4 c5 3. d5 e6 4. Nc3 exd5 5. cxd5 d6 6. e4 g6 7. f4 Bg7 8. Bb5+
Nfd7 9. a4 Qh4+ 10. g3 Qe7 11. Nf3 O-O 12. O-O Na6 13. e5 Nb4 14. Re1 a6 15. Bf1
dxe5 16. d6 Qd8 17. fxe5 Nb8 18. Bg5 f6 19. e6 Bxe6 20. Rxe6 fxg5 21. Bc4 Kh8
22. Ne4 N8c6 23. Nfxg5 b5 24. Rxg6 Bd4+ 25. Kh1 bxc4 26. Qh5 Ra7 27. Rh6 Qe8 28.
Rxh7+ Kg8 29. Qh3 Qxe4+ 30. Nxe4 Rxh7 31. Qe6+ Kh8 32. Ng5 Nd8 33. Qxc4 Rh6 34.
Rf1 Rg8 35. Ne4 Nbc6 36. Qxa6 Ne5 37. Qe2 Ng4 38. h4 Nc6 39. Rf5 Nce5 40. a5 Rh7
41. Rg5 Rb8 42. Nc3 Nf2+ 43. Kg2 Ned3 44. Nd1 c4 45. Qe4 Bxb2 46. a6 Nc1 47. Re5
Bxe5 48. Qxe5+ Kg8 49. d7 Rf8 50. Qd5+ 1-0

[Event "1st Grand Europe Open"]
[Site "Golden Sands BUL"]
[Date "2012.06.11"]
[Round "8.50"]
[White "Zhang, Xiaowen"]
[Black "Janchev, Petar"]
[Result "1/2-1/2"]
[WhiteTitle "WGM"]
[WhiteElo "2385"]
[BlackElo "2143"]
[WhiteFideId "8603219"]
[BlackFideId "2903016"]
[EventDate "2012.06.04"]
[EventType "swiss"]

1. e4 e5 2. Nf3 Nc6 3. Bb5 a6 4. Ba4 d6 5. c3 Bd7 6. O-O Nge7 7. d4 h6 8. d5 Nb8
9. Bc2 Ng6 10. c4 Be7 11. Nc3 Bg5 12. Be3 Bg4 13. h3 Bc8 14. b4 Nd7 15. Ne1 Bf4
16. Ne2 Qg5 17. Nf3 Qf6 18. Qd2 h5 19. Rae1 Kf8 20. c5 Kg8 21. c6 bxc6 22. dxc6
Ndf8 23. Bxf4 exf4 24. Nc3 Be6 25. Nd5 Bxd5 26. exd5 h4 27. Bd3 Rh5 28. Bc4 Ne5
29. Be2 Nfg6 30. a4 Nxf3+ 31. Bxf3 Re5 32. Rb1 Ree8 33. Be2 Ne5 34. f3 Ng6 35.
Rf2 Re3 36. Bf1 Qc3 37. Qxc3 Rxc3 38. Rd2 Ne5 39. Kf2 Kf8 40. a5 Ra3 41. Rbb2
Ke7 42. Ra2 Rb3 43. Rdb2 Nd3+ 44. Bxd3 Rxd3 45. Rd2 Rb3 46. Rab2 Ra3 47. Ke2 Kf6
48. Rd3 Ra1 49. Kd2 Rb8 50. Kc2 1/2-1/2

[Event "1st Grand Europe Open"]
[Site "Golden Sands BUL"]
[Date "2012.06.11"]
[Round "8.51"]
[White "Mrdja, Milan"]
[Black "Guven, Baris"]
[Result "1/2-1/2"]
[WhiteTitle "IM"]
[WhiteElo "2372"]
[BlackElo "1929"]
[WhiteFideId "14500337"]
[BlackFideId "6317553"]
[EventDate "2012.06.04"]
[EventType "swiss"]

1. e4 e5 2. Bc4 Nf6 3. d3 Nc6 4. Nf3 Be7 5. O-O O-O 6. Re1 d6 7. c3 Na5 8. Bb5
a6 9. Ba4 b5 10. Bc2 c5 11. Nbd2 Nc6 12. a4 Be6 13. Nf1 h6 14. h3 Re8 15. Bb3
Bf8 16. Bxe6 fxe6 17. Ne3 b4 18. Ng4 bxc3 19. bxc3 Rb8 20. Be3 Nxg4 21. hxg4 Qb6
22. d4 cxd4 23. cxd4 exd4 24. Nxd4 Nxd4 25. Bxd4 Qb4 26. Qd3 Rec8 27. Ba7 Ra8
28. Reb1 Qc3 29. Qe3 Qxe3 30. Bxe3 Rc4 31. f3 d5 32. exd5 exd5 33. Rd1 Rd8 34.
Bb6 Bc5+ 35. Bxc5 Rxc5 36. Rd4 Rc2 37. Rad1 Rb8 38. R1d2 Rxd2 39. Rxd2 Rb4 40.
Rxd5 Rxa4 41. Rd7 Ra2 42. Kh2 g5 43. Ra7 a5 44. Kh3 a4 1/2-1/2

[Event "1st Grand Europe Open"]
[Site "Golden Sands BUL"]
[Date "2012.06.11"]
[Round "8.52"]
[White "Georgieva, Emilia"]
[Black "Gutov, Andrey"]
[Result "0-1"]
[BlackTitle "GM"]
[WhiteElo "1923"]
[BlackElo "2421"]
[WhiteFideId "2902451"]
[BlackFideId "4130480"]
[EventDate "2012.06.04"]
[EventType "swiss"]

1. d4 Nf6 2. Nf3 e6 3. Bg5 h6 4. Bh4 g5 5. Bg3 Ne4 6. Be5 f6 7. Qd3 d5 8. Bg3 b6
9. Nfd2 Nxg3 10. Qg6+ Ke7 11. hxg3 Qe8 12. Qxe8+ Kxe8 13. e3 c5 14. Be2 Nc6 15.
c3 f5 16. Bh5+ Ke7 17. Nf3 Bg7 18. Nbd2 Bd7 19. O-O Bf6 20. Rfe1 Kd6 21. Rad1 g4
22. Nh4 cxd4 23. exd4 Ne7 24. f4 Rac8 25. Re3 Rhg8 26. Rde1 Rg7 27. Kh2 Bxh4 28.
gxh4 Ng8 29. Nf1 Nf6 30. Ng3 Ne4 31. Nxe4+ dxe4 32. g3 Bb5 33. Rc1 Bd3 34. Kg2
b5 35. a3 Kd5 36. Ree1 Kc4 37. Rcd1 a5 38. Kf2 b4 39. Ke3 bxa3 40. bxa3 Rb8 41.
Rxd3 exd3 42. Rd1 Rb2 43. Rxd3 Rg2 44. Rd1 Rb7 45. d5 Rbb2 0-1

[Event "1st Grand Europe Open"]
[Site "Golden Sands BUL"]
[Date "2012.06.11"]
[Round "8.53"]
[White "Chirila, Ioan-Cristian"]
[Black "Ivelinov, Hristo"]
[Result "1-0"]
[WhiteTitle "GM"]
[WhiteElo "2521"]
[BlackElo "2243"]
[WhiteFideId "1211668"]
[BlackFideId "2904039"]
[EventDate "2012.06.04"]
[EventType "swiss"]

1. d4 d5 2. c4 e5 3. dxe5 d4 4. Nf3 Nc6 5. g3 Bg4 6. Bg2 Qd7 7. O-O O-O-O 8.
Nbd2 Nge7 9. a3 Ng6 10. Qb3 Bh3 11. e6 Bxe6 12. Ng5 Bg4 13. Re1 h6 14. Ngf3 Re8
15. Nf1 Be7 16. Bd2 Bf6 17. Rad1 Bh3 18. Bh1 Re7 19. Bc3 Qg4 20. Bxd4 Bxd4 21.
Nxd4 Nf4 22. Nxc6 bxc6 23. Bxc6 1-0

[Event "1st Grand Europe Open"]
[Site "Golden Sands BUL"]
[Date "2012.06.11"]
[Round "8.54"]
[White "Hunt, Adam C"]
[Black "Yakimenko, Alexander A."]
[Result "1-0"]
[WhiteTitle "IM"]
[WhiteElo "2461"]
[BlackElo "2220"]
[WhiteFideId "403970"]
[BlackFideId "24141917"]
[EventDate "2012.06.04"]
[EventType "swiss"]

1. e4 e6 2. d4 d5 3. Nc3 Bb4 4. e5 c5 5. a3 Bxc3+ 6. bxc3 Qa5 7. Bd2 Qa4 8. Nf3
Nc6 9. dxc5 Qe4+ 10. Be3 Nxe5 11. Nxe5 Qxe5 12. Bb5+ Bd7 13. Bxd7+ Kxd7 14. O-O
Nf6 15. Rb1 Rhb8 16. c4 Ke7 17. Bd4 Qf5 18. Re1 b6 19. Rb3 bxc5 20. Rf3 Qh5 21.
Bxc5+ Ke8 22. c3 Rb7 23. Qa4+ Rd7 24. Qc6 Rd8 25. Rxe6+ 1-0

[Event "1st Grand Europe Open"]
[Site "Golden Sands BUL"]
[Date "2012.06.11"]
[Round "8.55"]
[White "Dimitrov, Radoslav"]
[Black "Melashvili, Nino"]
[Result "1-0"]
[WhiteTitle "IM"]
[BlackTitle "WIM"]
[WhiteElo "2428"]
[BlackElo "2158"]
[WhiteFideId "2908549"]
[BlackFideId "13600397"]
[EventDate "2012.06.04"]
[EventType "swiss"]

1. Nf3 Nf6 2. c4 c5 3. Nc3 Nc6 4. g3 g6 5. Bg2 Bg7 6. d4 cxd4 7. Nxd4 O-O 8. O-O
Rb8 9. Bf4 e5 10. Nxc6 bxc6 11. Bxe5 Rxb2 12. Nb5 Ne8 13. Bxb2 Bxb2 14. Rb1 Qf6
15. Nxa7 Ba6 16. Qxd7 Bxc4 17. Nxc6 Bxa2 18. Rbd1 Bc4 19. Ne7+ Kg7 20. Nd5 Qe5
21. Nf4 Nf6 22. Qa4 Qc3 23. Rd6 Rc8 24. Qa7 Ba3 25. Rxf6 Kxf6 26. Bd5 Be7 27.
Qb7 Rc5 28. Rb1 Qe5 29. Bxc4 Rxc4 30. Qa6+ 1-0

[Event "1st Grand Europe Open"]
[Site "Golden Sands BUL"]
[Date "2012.06.11"]
[Round "8.56"]
[White "Baghdasaryan, Vahe"]
[Black "Banov, Boil"]
[Result "0-1"]
[WhiteElo "2409"]
[BlackElo "2153"]
[WhiteFideId "13303139"]
[BlackFideId "2905388"]
[EventDate "2012.06.04"]
[EventType "swiss"]

1. e4 c6 2. d4 d5 3. exd5 cxd5 4. c4 Nf6 5. Nc3 e6 6. Nf3 Be7 7. Bf4 O-O 8. c5
Nc6 9. Bb5 Bd7 10. O-O Ne4 11. Rb1 a6 12. Bd3 f5 13. h3 Bf6 14. Na4 g5 15. Bh2
Be8 16. Nb6 Ra7 17. Rc1 Bh5 18. Be2 f4 19. Re1 Qc7 20. Qa4 Qg7 21. Ne5 Bxe2 22.
Nxc6 Bb5 23. Qxb5 axb5 24. Nxa7 Bxd4 25. Rxe4 dxe4 26. Nxb5 Bxf2+ 0-1

[Event "1st Grand Europe Open"]
[Site "Golden Sands BUL"]
[Date "2012.06.11"]
[Round "8.57"]
[White "Konijn, Bart"]
[Black "Nikolov, Sasho"]
[Result "0-1"]
[BlackTitle "IM"]
[WhiteElo "2211"]
[BlackElo "2384"]
[WhiteFideId "1016300"]
[BlackFideId "2900297"]
[EventDate "2012.06.04"]
[EventType "swiss"]

1. e4 c5 2. Nf3 d6 3. d4 cxd4 4. Nxd4 Nf6 5. Nc3 a6 6. Bg5 e6 7. f4 Nbd7 8. Qf3
Qc7 9. O-O-O b5 10. Bd3 Bb7 11. Rhe1 h6 12. Qh3 O-O-O 13. Bh4 Be7 14. Bf2 b4 15.
Nb1 Nc5 16. Nd2 g5 17. Kb1 gxf4 18. N4b3 Kb8 19. g3 fxg3 20. Bxg3 e5 21. Nxc5
Qxc5 22. Qf1 Rc8 23. Bf2 Qc6 24. Nc4 Bd8 25. Bg1 Nd7 26. Qxf7 Nc5 27. Qf2 Bc7
28. Bf1 Rhf8 29. Qd2 Nxe4 30. Qe3 Qc5 31. Nxe5 dxe5 32. Qxc5 Nxc5 33. Bxc5 Rf4
34. Bh3 Rh8 35. Be6 a5 36. Rg1 Bc8 37. Bd5 Bf5 38. a3 bxa3 39. Rg3 a4 40. Rxa3
Rd8 41. Be3 Rh4 42. Kc1 Rxh2 43. Rc3 Bg4 44. Ba7+ Kxa7 45. Rxc7+ Kb8 0-1